[Event "Geza Hetenyi Mem 2023"]
[Site "Budapest HUN"]
[Date "2023.07.11"]
[Round "1.1"]
[White "Matlakov, Maxim"]
[Black "Prohaszka, Peter2"]
[Result "1-0"]
[WhiteTitle "GM"]
[BlackTitle "GM"]
[WhiteElo "2673"]
[BlackElo "2585"]
[WhiteFideId "4168003"]
[BlackFideId "726265"]
[EventDate "2023.07.11"]

1. c4 e6 2. g3 d5 3. Bg2 Nf6 4. Nf3 Be7 5. O-O O-O 6. d3 c5 7. Ne5 Nbd7 8. Nxd7
Bxd7 9. e4 Bc6 10. Qe2 d4 11. e5 Bxg2 12. Kxg2 Nd7 13. Re1 Qc7 14. Qe4 Rac8 15.
Nd2 Qc6 16. f4 a6 17. a4 a5 18. Nf3 Qxe4 19. Rxe4 Rc6 20. b3 Bd8 21. Bd2 Bc7 22.
Rae1 Ra8 23. h3 Rb6 24. Rb1 Nb8 25. g4 Nc6 26. Kf2 Re8 27. Ke2 Kf8 28. Kd1 Ra6
29. Kc2 Ke7 30. f5 Nb4+ 31. Bxb4 axb4 32. Rf1 exf5 33. gxf5 Rh6 34. f6+ gxf6 35.
exf6+ Kf8 36. Rxe8+ Kxe8 37. Ng5 Bd8 38. Ne4 b6 39. Rf5 Rxh3 40. Nd6+ Kf8 41.
Nb7 Bc7 42. a5 Rh6 43. Kd1 Ke8 44. axb6 Bxb6 45. Nd6+ Kf8 46. Ne4 Rh1+ 47. Ke2
Rh2+ 48. Ke1 h6 49. Rd5 Kg8 50. Rd7 Ra2 51. Rb7 Ra6 52. Kf2 Ba5 53. Kg3 Rc6 54.
Kg4 Bc7 55. Ra7 Bb8 56. Ra5 Kh7 57. Kf5 h5 58. Ra1 Kg8 59. Rg1+ Kf8 60. Rg7 Bc7
61. Rh7 Kg8 62. Rxh5 Bd6 63. Rh1 Bc7 64. Ra1 Re6 65. Ra8+ 1-0

[Event "Geza Hetenyi Mem 2023"]
[Site "Budapest HUN"]
[Date "2023.07.11"]
[Round "1.2"]
[White "Wojtaszek, Radoslaw"]
[Black "Eljanov, Pavel"]
[Result "1/2-1/2"]
[WhiteTitle "GM"]
[BlackTitle "GM"]
[WhiteElo "2676"]
[BlackElo "2694"]
[WhiteFideId "1118358"]
[BlackFideId "14102951"]
[EventDate "2023.07.11"]

1. d4 d5 2. c4 c6 3. Nf3 Nf6 4. Nc3 dxc4 5. a4 Bf5 6. Nh4 Bg6 7. Nxg6 hxg6 8. e4
e6 9. Bxc4 Bb4 10. Qd3 Nbd7 11. O-O Qa5 12. e5 Nd5 13. Ne4 O-O-O 14. Ng5 Rhf8
15. Qb3 Kb8 16. Rd1 N7b6 17. Bf1 Ne7 18. Nh7 Rh8 19. Ng5 Rhf8 20. Nh7 Rh8 21.
Ng5 Rhf8 1/2-1/2

[Event "Geza Hetenyi Mem 2023"]
[Site "Budapest HUN"]
[Date "2023.07.11"]
[Round "1.3"]
[White "Sjugirov, Sanan"]
[Black "Praggnanandhaa, R"]
[Result "0-1"]
[WhiteTitle "GM"]
[BlackTitle "GM"]
[WhiteElo "2699"]
[BlackElo "2690"]
[WhiteFideId "4189302"]
[BlackFideId "25059530"]
[EventDate "2023.07.11"]

1. d4 Nf6 2. Bf4 d5 3. e3 c5 4. Nf3 Nc6 5. Nbd2 Bg4 6. h3 Bxf3 7. Nxf3 e6 8. c3
Bd6 9. dxc5 Bxc5 10. Bd3 Bd6 11. Bxd6 Qxd6 12. O-O O-O 13. c4 Rfd8 14. cxd5 Qxd5
15. Be2 Rac8 16. Qxd5 Nxd5 17. Rac1 Nb6 18. Bb5 Ne7 19. Rfd1 Rxd1+ 20. Rxd1 h6
21. Bd3 Kf8 22. Be4 Ned5 23. Nd4 a6 24. Kf1 Rc7 25. Bf3 Ke7 26. Ke1 Nf6 27. Rd2
Ne8 28. Rc2 Rxc2 29. Nxc2 Nd6 30. Kd2 e5 31. b3 f5 32. h4 g6 33. g3 Ke6 34. Bg2
Nd5 35. Bxd5+ Kxd5 36. Nb4+ Ke6 37. f3 g5 38. hxg5 hxg5 39. Ke2 g4 40. Nc2 Kf6
41. Nb4 gxf3+ 42. Kxf3 Kg5 43. Nd5 e4+ 44. Ke2 Nf7 45. a4 Ne5 46. b4 Kg4 47. Kf2
Kh3 48. Ne7 Nd3+ 49. Ke2 Kg4 50. b5 a5 51. Nc8 Nb2 52. Nd6 b6 53. Kf2 Nxa4 54.
Nc4 Kh3 55. Nd6 Nc3 56. Ke1 Kg4 57. Nc4 Nd5 58. Kf2 Kh3 59. Nd6 a4 60. Nxf5 a3
61. Nd4 Nc3 62. Ke1 Nxb5 63. Nb3 Kxg3 64. Kd2 a2 0-1

[Event "Geza Hetenyi Mem 2023"]
[Site "Budapest HUN"]
[Date "2023.07.11"]
[Round "1.4"]
[White "Maghsoodloo, Parham"]
[Black "Tabatabaei, M. Amin"]
[Result "1/2-1/2"]
[WhiteTitle "GM"]
[BlackTitle "GM"]
[WhiteElo "2719"]
[BlackElo "2689"]
[WhiteFideId "12539929"]
[BlackFideId "12521213"]
[EventDate "2023.07.11"]

1. d4 Nf6 2. c4 e6 3. Nf3 d5 4. Nc3 Bb4 5. Bg5 dxc4 6. e4 h6 7. Bxf6 Qxf6 8.
Bxc4 c5 9. O-O cxd4 10. Nb5 Qe7 11. Qxd4 O-O 12. Nxa7 Bc5 13. Nxc8 Rxc8 14. Qd3
Nc6 15. Qe2 Rd8 16. Kh1 Rd7 17. Rad1 Rxd1 18. Rxd1 Rd8 19. Rc1 g5 20. h3 Nd4 21.
Nxd4 Rxd4 22. g3 Qd6 23. Rc2 Qe5 24. Bd3 Qd6 25. Bb5 Qe5 26. Bd3 Qd6 27. Bb5 Qe5
28. Bd3 Qd6 1/2-1/2

[Event "Geza Hetenyi Mem 2023"]
[Site "Budapest HUN"]
[Date "2023.07.11"]
[Round "1.5"]
[White "Kozak, Adam"]
[Black "Shevchenko, Kirill"]
[Result "1/2-1/2"]
[WhiteTitle "GM"]
[BlackTitle "GM"]
[WhiteElo "2571"]
[BlackElo "2694"]
[WhiteFideId "753246"]
[BlackFideId "14129574"]
[EventDate "2023.07.11"]

1. Nf3 c5 2. g3 Nc6 3. Bg2 g6 4. c4 Bg7 5. Nc3 d6 6. a3 a5 7. O-O e5 8. d3 Nge7
9. Bg5 f6 10. Bd2 O-O 11. Ne1 Be6 12. Nd5 a4 13. Nc3 Qb8 14. Nc2 Ra6 15. Rb1 Rd8
16. Ne3 Nd4 17. Nxa4 Nxe2+ 18. Qxe2 Rxa4 19. Qd1 b5 20. Qc2 f5 21. b4 f4 22.
bxc5 fxe3 23. Rxb5 Qa7 24. Bxe3 Nf5 25. Rb7 Qa6 26. Rb6 Qa7 27. Rb7 Qa6 28. Rb6
Qa7 29. Rb7 1/2-1/2

[Event "Geza Hetenyi Mem 2023"]
[Site "Budapest HUN"]
[Date "2023.07.12"]
[Round "2.1"]
[White "Prohaszka, Peter2"]
[Black "Shevchenko, Kirill"]
[Result "1/2-1/2"]
[WhiteTitle "GM"]
[BlackTitle "GM"]
[WhiteElo "2585"]
[BlackElo "2694"]
[WhiteFideId "726265"]
[BlackFideId "14129574"]
[EventDate "2023.07.11"]

1. d4 Nf6 2. c4 e6 3. Nf3 d5 4. cxd5 exd5 5. Nc3 Nbd7 6. Bf4 Bb4 7. Rc1 Ne4 8.
Nd2 Nxd2 9. Qxd2 c6 10. e3 O-O 11. Bd3 Nf6 12. h3 Re8 13. O-O a5 14. Qc2 g6 15.
Na4 Ne4 16. Rfd1 Bf8 17. Nc5 Ng5 18. Qb3 b6 19. Bxg5 Qxg5 20. Qxb6 Bxh3 21. Bf1
Rec8 22. Nd3 Bd6 23. Ne5 Bxe5 24. dxe5 Bg4 25. Rd2 Bd7 26. Qd4 Re8 27. f4 Qg3
28. Rc3 h5 29. Rf2 Qh4 30. e4 Rab8 31. a3 Qe7 32. exd5 cxd5 33. Qxd5 Be6 34.
Qxa5 Red8 35. Qc5 Qh4 36. Qe3 Rd1 37. Qg3 Qd8 38. Rd3 Rxd3 39. Qxd3 Qb6 40. Qd6
Qa7 41. Qd2 Rb7 42. Kh2 Rd7 43. Qe1 Rd1 44. Qxd1 Qxf2 45. Qf3 Qxb2 46. a4 Qd2
47. Bb5 Bd5 48. Qg3 Be6 49. Bc6 Bg4 50. Bf3 Bxf3 51. Qxf3 Qb4 52. Qa8+ Kg7 53.
g3 h4 54. Qc6 hxg3+ 55. Kxg3 Qe1+ 56. Kg2 Qe2+ 57. Kg3 Qe1+ 58. Kg2 Qe2+ 59. Kg3 1/2-1/2

[Event "Geza Hetenyi Mem 2023"]
[Site "Budapest HUN"]
[Date "2023.07.12"]
[Round "2.2"]
[White "Tabatabaei, M. Amin"]
[Black "Kozak, Adam"]
[Result "1-0"]
[WhiteTitle "GM"]
[BlackTitle "GM"]
[WhiteElo "2689"]
[BlackElo "2571"]
[WhiteFideId "12521213"]
[BlackFideId "753246"]
[EventDate "2023.07.11"]

1. e4 e5 2. Nf3 Nc6 3. Bb5 Nf6 4. d3 Bc5 5. Bxc6 dxc6 6. O-O Qe7 7. Nbd2 Bg4 8.
h3 Bh5 9. a3 O-O-O 10. b4 Bd4 11. Rb1 Bc3 12. Qe2 Bxd2 13. Bxd2 Nd7 14. a4 f6
15. Qe3 Bxf3 16. Qxf3 Nf8 17. Qe3 Kb8 18. f4 exf4 19. Rxf4 Ne6 20. Rf2 Rhe8 21.
Bc3 Qd6 22. e5 fxe5 23. Bxe5 Qd7 24. Rbf1 Re7 25. d4 a5 26. bxa5 Nxd4 27. c3 Nb3
28. a6 c5 29. c4 Qd3 30. Qg5 Rde8 31. Rf8 Qg6 32. Qxe7 1-0

[Event "Geza Hetenyi Mem 2023"]
[Site "Budapest HUN"]
[Date "2023.07.12"]
[Round "2.3"]
[White "Praggnanandhaa, R"]
[Black "Maghsoodloo, Parham"]
[Result "1-0"]
[WhiteTitle "GM"]
[BlackTitle "GM"]
[WhiteElo "2690"]
[BlackElo "2719"]
[WhiteFideId "25059530"]
[BlackFideId "12539929"]
[EventDate "2023.07.11"]

1. c4 e5 2. Nc3 Nc6 3. Nf3 Nf6 4. g3 d5 5. cxd5 Nxd5 6. Bg2 Nb6 7. O-O Be7 8. a3
O-O 9. b4 Be6 10. d3 f6 11. Ne4 Qd7 12. Rb1 Rab8 13. Bb2 a6 14. Qc2 Ba2 15. Rbc1
Qe6 16. Ned2 a5 17. bxa5 Nxa5 18. Bc3 Ra8 19. Bh3 Qf7 20. Bxa5 Rxa5 21. Qxc7 Bd8
22. Qc3 Ra6 23. d4 exd4 24. Nxd4 Be7 25. Ra1 Na4 26. Qc2 Bc5 27. N4b3 Bxb3 28.
Nxb3 Ba7 29. Bg2 f5 30. e3 g5 31. Rad1 Kh8 32. Rd5 Rc6 33. Qd2 Rf6 34. Rb5 f4
35. Rxb7 fxe3 36. Rxf7 1-0

[Event "Geza Hetenyi Mem 2023"]
[Site "Budapest HUN"]
[Date "2023.07.12"]
[Round "2.4"]
[White "Eljanov, Pavel"]
[Black "Sjugirov, Sanan"]
[Result "1/2-1/2"]
[WhiteTitle "GM"]
[BlackTitle "GM"]
[WhiteElo "2694"]
[BlackElo "2699"]
[WhiteFideId "14102951"]
[BlackFideId "4189302"]
[EventDate "2023.07.11"]

1. Nf3 Nf6 2. g3 b6 3. d4 Bb7 4. c4 e6 5. Bg2 Bb4+ 6. Bd2 c5 7. d5 exd5 8. Nh4
O-O 9. Nc3 Ne4 10. cxd5 Bxc3 11. Bxc3 Nxc3 12. bxc3 Qf6 13. Qc2 d6 14. O-O Nd7
15. f4 b5 16. e4 b4 17. Rae1 Rae8 18. Qa4 Qxc3 19. Qxd7 Bxd5 20. Kh1 Bxa2 21.
Rc1 Qa3 22. Qxd6 b3 23. Qd3 Qb4 24. Nf5 b2 25. Rb1 a5 26. Qc2 Bxb1 27. Rxb1 a4
28. e5 a3 29. Bd5 c4 30. Qxc4 Qxc4 31. Bxc4 g6 32. Nd6 Re7 33. Nb5 Ra8 34. Nxa3
Rxa3 35. Rxb2 h5 36. Kg2 Kg7 37. Rf2 Rc7 38. Bd5 Rd7 39. Ba2 Rd4 40. Re2 Rad3
41. h4 Ra3 42. Kh2 Rdd3 43. Rg2 Kf8 44. Bc4 Rdc3 45. Bd5 Ke7 46. Rg1 Rd3 47. Be4
Re3 48. Bd5 Rad3 49. Bc4 Rc3 50. Bd5 Rc5 51. Bb7 Ke6 52. Rg2 Rb3 53. Be4 Rcc3
54. Bc2 Rb4 55. Rf2 Ke7 56. Kg2 Ra3 57. Bd1 Ke6 58. Rd2 Rc4 59. Bf3 Rcc3 60. Rf2
Rd3 61. Rf1 Ke7 62. Rf2 Kd7 63. g4 hxg4 64. Bxg4+ Ke7 65. Rf3 Rd2+ 66. Kg3 Ra1
67. Rc3 Rg1+ 68. Kh3 Rd4 69. Rf3 Rc4 70. Rf2 Rb4 71. Rf3 Ra4 72. Bc8 Rb4 73. Kh2
Rbb1 74. Bh3 Rge1 75. Kg3 Rb2 76. Bf1 Rc2 77. Kh3 Rcc1 78. Bg2 Re2 79. Bf1 Rb2
80. Kg3 Ke6 81. Kg4 Rbb1 82. Bg2 Rc2 83. Rg3 Rb4 84. Kg5 Ke7 85. Rg4 Rf2 86. Bc6
Rc4 87. Bd5 Rd4 88. Bc6 Rb4 89. Bd5 Rb5 90. Rg2 Rbb2 91. Rxf2 Rxf2 92. Kg4 Rd2
93. Bc4 Rd4 94. Bb3 Rb4 95. Bd5 1/2-1/2

[Event "Geza Hetenyi Mem 2023"]
[Site "Budapest HUN"]
[Date "2023.07.12"]
[Round "2.5"]
[White "Matlakov, Maxim"]
[Black "Wojtaszek, Radoslaw"]
[Result "1/2-1/2"]
[WhiteTitle "GM"]
[BlackTitle "GM"]
[WhiteElo "2673"]
[BlackElo "2676"]
[WhiteFideId "4168003"]
[BlackFideId "1118358"]
[EventDate "2023.07.11"]

1. c4 e5 2. g3 Nf6 3. Bg2 Bc5 4. Nc3 c6 5. Nf3 e4 6. Nh4 d5 7. cxd5 cxd5 8. d3
Ng4 9. O-O g5 10. d4 Bb6 11. Nf3 h6 12. Ne5 Nxe5 13. dxe5 Be6 14. Kh1 Nc6 15. f4
Qd7 16. f5 Bxf5 17. Nxd5 Qe6 18. Nf6+ Kf8 19. Qd6+ Kg7 20. Rxf5 Qxf5 21. Nh5+
Kh7 22. Nf6+ Kg7 23. Nh5+ Kh7 24. Nf6+ Kg7 25. Nh5+ 1/2-1/2

[Event "Geza Hetenyi Mem 2023"]
[Site "Budapest HUN"]
[Date "2023.07.13"]
[Round "3.1"]
[White "Wojtaszek, Radoslaw"]
[Black "Prohaszka, Peter2"]
[Result "0-1"]
[WhiteTitle "GM"]
[BlackTitle "GM"]
[WhiteElo "2676"]
[BlackElo "2585"]
[WhiteFideId "1118358"]
[BlackFideId "726265"]
[EventDate "2023.07.11"]

1. c4 e6 2. Nc3 d5 3. d4 Nf6 4. cxd5 exd5 5. Bg5 c6 6. Qc2 h6 7. Bh4 Be7 8. e3
O-O 9. Bd3 Re8 10. Nge2 Nbd7 11. f3 b5 12. O-O Bb7 13. Rad1 Rc8 14. Bf5 a6 15.
Kh1 c5 16. dxc5 Rxc5 17. Qd2 Nb6 18. b3 b4 19. Nb1 g6 20. Bd3 a5 21. Nd4 Nbd7
22. Bg3 Rc8 23. Bb5 Qb6 24. Bh4 Red8 25. Bxd7 Rxd7 26. Qb2 Nh5 27. Bxe7 Rxe7 28.
Rfe1 Rce8 29. Qf2 Ng7 30. Nd2 Ne6 31. Nxe6 Rxe6 32. Nf1 Ba6 33. Rxd5 Bxf1 34.
Qxf1 Rxe3 35. Rxe3 Qxe3 36. h4 Rc8 37. Kh2 Rc1 38. Rd1 Qe5+ 39. Kh3 Rc2 40. Rd8+
Kg7 41. Qd3 Rxa2 42. Rd4 Ra1 0-1

[Event "Geza Hetenyi Mem 2023"]
[Site "Budapest HUN"]
[Date "2023.07.13"]
[Round "3.2"]
[White "Sjugirov, Sanan"]
[Black "Matlakov, Maxim"]
[Result "1-0"]
[WhiteTitle "GM"]
[BlackTitle "GM"]
[WhiteElo "2699"]
[BlackElo "2673"]
[WhiteFideId "4189302"]
[BlackFideId "4168003"]
[EventDate "2023.07.11"]

1. e4 e5 2. Nf3 Nc6 3. Bc4 Nf6 4. d3 Bc5 5. a4 a5 6. O-O d6 7. Be3 Bxe3 8. fxe3
O-O 9. Nbd2 Qe7 10. h3 Be6 11. Qe2 Bxc4 12. Nxc4 Nb8 13. Qe1 b6 14. Qh4 Nbd7 15.
g4 Nc5 16. b3 Rae8 17. Rf2 Nfd7 18. Qxe7 Rxe7 19. Raf1 g6 20. Nfd2 Nb8 21. Nb1
Nc6 22. Nc3 Nb4 23. Nd5 Nxd5 24. exd5 Kg7 25. e4 Rh8 26. h4 h5 27. g5 Rf8 28.
Na3 Ree8 29. Nb5 Rc8 30. Na7 Ra8 31. Nb5 Rac8 32. Rf6 Nd7 33. R1f3 Nxf6 34. Rxf6
Rfd8 35. Kf1 Kf8 36. Ke1 Ke7 37. Na7 c5 38. Nxc8+ Rxc8 39. Kd2 Rb8 40. Rf1 b5
41. axb5 Rxb5 42. Kc3 Rb4 43. Ra1 f5 44. gxf6+ Kxf6 45. Rxa5 g5 46. hxg5+ Kxg5
47. Kd2 Rb8 48. Ke2 h4 49. Ra7 Rf8 50. Rg7+ Kh5 51. Rh7+ Kg4 52. Rg7+ Kh5 53.
Rh7+ Kg4 54. Rh6 h3 55. Rxd6 Rh8 56. Rg6+ Kf4 57. Rf6+ Kg4 58. Rf1 h2 59. Rh1
Kg3 60. b4 cxb4 61. d4 Kf4 62. Kd3 Rh3+ 63. Kc4 Kxe4 64. d6 Rc3+ 65. Kxb4 Rc6
66. Re1+ Kxd4 67. Rd1+ Ke3 68. d7 Rb6+ 69. Kc5 Rb8 70. Rh1 Rh8 71. c4 1-0

[Event "Geza Hetenyi Mem 2023"]
[Site "Budapest HUN"]
[Date "2023.07.13"]
[Round "3.3"]
[White "Maghsoodloo, Parham"]
[Black "Eljanov, Pavel"]
[Result "1-0"]
[WhiteTitle "GM"]
[BlackTitle "GM"]
[WhiteElo "2719"]
[BlackElo "2694"]
[WhiteFideId "12539929"]
[BlackFideId "14102951"]
[EventDate "2023.07.11"]

1. e4 e5 2. Nf3 Nc6 3. Bb5 a6 4. Ba4 Nf6 5. O-O Be7 6. Re1 b5 7. Bb3 O-O 8. a4
b4 9. d3 d6 10. Nbd2 Na5 11. Ba2 c5 12. c3 Nc6 13. Nc4 Be6 14. Bg5 Rb8 15. Nfd2
h6 16. Bh4 Nd7 17. Bg3 Nb6 18. f4 Nxc4 19. Nxc4 exf4 20. Bxf4 Bf6 21. Qc2 Ne5
22. Bxe5 Bxe5 23. Bb3 bxc3 24. bxc3 Qh4 25. g3 Bxg3 26. hxg3 Qxg3+ 27. Kh1 Qh3+
28. Kg1 Qg3+ 29. Kh1 f5 30. Ba2 fxe4 31. Qg2 Qh4+ 32. Kg1 d5 33. Ne5 Qf6 34.
dxe4 c4 35. exd5 Rb2 36. Qxb2 Bxd5 37. Qd2 1-0

[Event "Geza Hetenyi Mem 2023"]
[Site "Budapest HUN"]
[Date "2023.07.13"]
[Round "3.4"]
[White "Kozak, Adam"]
[Black "Praggnanandhaa, R"]
[Result "0-1"]
[WhiteTitle "GM"]
[BlackTitle "GM"]
[WhiteElo "2571"]
[BlackElo "2690"]
[WhiteFideId "753246"]
[BlackFideId "25059530"]
[EventDate "2023.07.11"]

1. c4 Nf6 2. Nc3 e5 3. Nf3 Nc6 4. e4 Bb4 5. d3 d6 6. a3 Bxc3+ 7. bxc3 O-O 8. g3
Rb8 9. Bg2 b5 10. cxb5 Rxb5 11. O-O h6 12. Re1 Na5 13. Bd2 Rb6 14. Rb1 c5 15.
Qc2 Be6 16. c4 Nc6 17. Bc3 Qc7 18. Rb5 Bg4 19. Reb1 Rfb8 20. Rxb6 axb6 21. Qb2
Nd7 22. h3 Be6 23. Kh2 Qa7 24. h4 Nd4 25. Bd2 Qa6 26. Nxd4 cxd4 27. Bb4 b5 28.
cxb5 Qxb5 29. Qd2 Nc5 30. Rd1 Qd7 31. Qe2 Na6 32. Rb1 Rc8 33. Qd2 Nxb4 34. axb4
Qb5 35. Bh3 Bxh3 36. Kxh3 Rc3 37. Rd1 Qxb4 38. Qe2 Qb7 39. Qf3 Rc2 40. h5 Qc8+
41. Kg2 Rc1 42. Rd2 Ra1 43. Rb2 Rh1 44. g4 Rg1+ 45. Kxg1 Qc1+ 46. Kg2 Qxb2 47.
Qf5 Qc1 48. Qd7 Qf4 49. f3 Qf6 50. Kg3 Kh7 51. Qc8 g6 52. hxg6+ Qxg6 53. Qd8 Kg7
54. Qe7 Qf6 55. Qd7 Kg6 56. Qc8 Qf4+ 57. Kg2 Kg5 58. Qd8+ f6 59. Qe8 Qd2+ 60.
Kg1 Kf4 61. g5 Kg3 0-1

[Event "Geza Hetenyi Mem 2023"]
[Site "Budapest HUN"]
[Date "2023.07.13"]
[Round "3.5"]
[White "Shevchenko, Kirill"]
[Black "Tabatabaei, M. Amin"]
[Result "1/2-1/2"]
[WhiteTitle "GM"]
[BlackTitle "GM"]
[WhiteElo "2694"]
[BlackElo "2689"]
[WhiteFideId "14129574"]
[BlackFideId "12521213"]
[EventDate "2023.07.11"]

1. d4 Nf6 2. c4 e6 3. Nf3 d5 4. g3 Bb4+ 5. Bd2 a5 6. Bg2 O-O 7. O-O dxc4 8. e3
c5 9. dxc5 Bxc5 10. Qc2 Nbd7 11. Rd1 Qe7 12. Qxc4 e5 13. Bc3 e4 14. Nfd2 b5 15.
Qxb5 Ba6 16. Qa4 Nb6 17. Bxf6 Nxa4 18. Bxe7 Bxe7 19. Nc3 Nxc3 20. bxc3 f5 21.
Nb3 a4 22. Nd4 Rac8 23. Rac1 Ba3 24. Rb1 Rxc3 25. Bf1 Bxf1 26. Kxf1 Be7 27. Rb7
Bf6 28. Nxf5 Rc2 29. Nd6 Rd8 30. Rbb1 Rxa2 31. Nxe4 Rxd1+ 32. Rxd1 Be7 33. Nc3
Ra3 34. Rc1 Kf7 35. Ke2 Bf6 36. Kd2 Ke6 37. e4 g5 38. f4 gxf4 39. gxf4 Bxc3+ 40.
Rxc3 Ra1 41. Rc6+ Kd7 42. Rc1 Ra2+ 43. Rc2 Ra1 44. Rc1 Ra2+ 45. Rc2 Ra1 46. Kd3
a3 47. Kc4 Rf1 48. f5 Kd6 49. Kd4 Rd1+ 50. Ke3 Re1+ 51. Kf3 Rf1+ 52. Ke3 Re1+
53. Kf3 Rf1+ 1/2-1/2

[Event "Geza Hetenyi Mem 2023"]
[Site "Budapest HUN"]
[Date "2023.07.14"]
[Round "4.1"]
[White "Prohaszka, Peter2"]
[Black "Tabatabaei, M. Amin"]
[Result "0-1"]
[WhiteTitle "GM"]
[BlackTitle "GM"]
[WhiteElo "2585"]
[BlackElo "2689"]
[WhiteFideId "726265"]
[BlackFideId "12521213"]
[EventDate "2023.07.11"]

1. d4 Nf6 2. c4 e6 3. Nc3 Bb4 4. e3 O-O 5. Bd3 d5 6. a3 Bxc3+ 7. bxc3 dxc4 8.
Bxc4 c5 9. Nf3 Qc7 10. Be2 b6 11. Bb2 Bb7 12. O-O Nbd7 13. Nd2 Rad8 14. a4 e5
15. Qb3 Rfe8 16. Rfc1 Nf8 17. a5 bxa5 18. Nc4 Bd5 19. Qc2 Ng6 20. Rxa5 Ne4 21.
Rca1 exd4 22. cxd4 cxd4 23. Bxd4 Nh4 24. f3 Ng5 25. Rc5 Qe7 26. Raa5 Ngxf3+ 27.
Bxf3 Bxf3 28. Qf2 Ba8 29. Re5 Qb7 30. Rxa7 Qb1+ 31. Qf1 Qxf1+ 32. Kxf1 Bxg2+ 33.
Kf2 Bd5 34. Rxe8+ Rxe8 35. Nd6 Rd8 36. Rc7 Be6 37. Kg3 Ng6 38. Nb7 Ra8 39. Nc5
Ba2 40. Nd3 f6 41. Nf4 Nf8 42. Re7 Bf7 43. h4 h6 44. Rb7 Rd8 45. Rb6 Bd5 46. Bc5
Bf7 47. Bd4 Re8 48. Rb7 Nh7 49. Ra7 Rd8 50. Rb7 Ra8 51. Rc7 Nf8 52. Rb7 Rc8 53.
Ra7 Rb8 54. Bc3 Rd8 55. Kf2 Be8 56. Re7 Rc8 57. Bd4 Bf7 58. Ra7 g5 59. Nd3 gxh4
60. Nc5 Nh7 61. e4 Ng5 62. Ke3 Be8 63. Ra6 Bc6 64. Bxf6 Bb5 65. Rb6 Rxc5 66. Bd4
Rc1 67. Rxb5 h3 68. Be5 Re1+ 69. Kf2 Rxe4 70. Bb8 Rg4 71. Rb1 Rg2+ 72. Ke3 Kg7
73. Rb4 Kg6 74. Rh4 Rb2 75. Bc7 Ra2 76. Bd6 Rb2 77. Bc7 h5 78. Bd6 Nf7 79. Bf4
Rb4 80. Kf2 Nh6 81. Bg3 Ng4+ 82. Kf3 Ne5+ 83. Kf2 h2 84. Rh3 Rb2+ 85. Ke3 Rb3+
86. Ke4 Nf7 87. Kd5 Ng5 88. Rxh2 Rxg3 89. Ra2 h4 90. Ke5 Rf3 91. Ra8 Kh5 0-1

[Event "Geza Hetenyi Mem 2023"]
[Site "Budapest HUN"]
[Date "2023.07.14"]
[Round "4.2"]
[White "Praggnanandhaa, R"]
[Black "Shevchenko, Kirill"]
[Result "1-0"]
[WhiteTitle "GM"]
[BlackTitle "GM"]
[WhiteElo "2690"]
[BlackElo "2694"]
[WhiteFideId "25059530"]
[BlackFideId "14129574"]
[EventDate "2023.07.11"]

1. e4 c6 2. d4 d5 3. exd5 cxd5 4. Bd3 Nc6 5. c3 Qc7 6. h3 e6 7. Nf3 Bd6 8. O-O
Nge7 9. Re1 O-O 10. a4 a6 11. b3 b6 12. Ba3 Ng6 13. Bxd6 Qxd6 14. Nbd2 Nf4 15.
Bf1 f6 16. g3 Ng6 17. b4 Kh8 18. Bg2 Rb8 19. h4 Bd7 20. Qe2 a5 21. b5 Nd8 22. c4
Ne7 23. h5 Nf7 24. Rac1 Rbc8 25. Bh3 Nf5 26. Bxf5 exf5 27. Qe7 dxc4 28. Nxc4
Qxe7 29. Rxe7 Rc7 30. Rc2 Kg8 31. Ne1 Rb8 32. Nxb6 Rxc2 33. Nxd7 Rc7 34. Nxf6+
gxf6 35. Rxc7 1-0

[Event "Geza Hetenyi Mem 2023"]
[Site "Budapest HUN"]
[Date "2023.07.14"]
[Round "4.3"]
[White "Eljanov, Pavel"]
[Black "Kozak, Adam"]
[Result "1/2-1/2"]
[WhiteTitle "GM"]
[BlackTitle "GM"]
[WhiteElo "2694"]
[BlackElo "2571"]
[WhiteFideId "14102951"]
[BlackFideId "753246"]
[EventDate "2023.07.11"]

1. Nf3 d5 2. g3 c6 3. Bg2 Bg4 4. O-O e6 5. h3 Bh5 6. d3 Nd7 7. c4 Bxf3 8. Bxf3
dxc4 9. dxc4 Ne5 10. Qb3 Nxf3+ 11. exf3 Qc8 12. Nc3 Nf6 13. Bg5 Be7 14. Rad1 Qc7
15. Rfe1 O-O 16. Bf4 Qb6 17. Qxb6 axb6 18. a3 Rfc8 19. g4 h6 20. h4 Ne8 21. Rd7
Bxh4 22. Rxb7 Bf6 23. Rc1 Bd4 24. Rc2 e5 25. Bg3 Nd6 26. Rd7 Rd8 27. Rxd8+ Rxd8
28. Ne2 c5 29. f4 f6 30. Kg2 Kf7 31. b3 Ne4 32. fxe5 Nxg3 33. e6+ Kxe6 34. Nxg3
Be5 35. Re2 Kf7 36. Nf5 Rd3 37. Re3 Rd2 38. Kf3 Bd4 39. Re7+ Kf8 40. Rb7 Rd3+
41. Ke4 Rxb3 42. a4 Rb4 43. f4 g6 44. Ne7 Rxc4 45. Nxg6+ Ke8 46. Kd5 Rxa4 47.
Ke6 Kd8 48. Kd6 Kc8 49. Rxb6 Ra8 50. Ne7+ Kd8 51. Nf5 Bg1 52. Rb7 Ra6+ 53. Kd5
Bh2 54. Kxc5 1/2-1/2

[Event "Geza Hetenyi Mem 2023"]
[Site "Budapest HUN"]
[Date "2023.07.14"]
[Round "4.4"]
[White "Matlakov, Maxim"]
[Black "Maghsoodloo, Parham"]
[Result "0-1"]
[WhiteTitle "GM"]
[BlackTitle "GM"]
[WhiteElo "2673"]
[BlackElo "2719"]
[WhiteFideId "4168003"]
[BlackFideId "12539929"]
[EventDate "2023.07.11"]

1. c4 e6 2. g3 d5 3. Bg2 d4 4. Nf3 Nc6 5. O-O Nh6 6. e3 Be7 7. d3 O-O 8. exd4
Nf5 9. d5 exd5 10. Nc3 dxc4 11. dxc4 Nd6 12. Qe2 Re8 13. Nd5 Bf8 14. Be3 Nf5 15.
Rad1 Nxe3 16. fxe3 Bd7 17. Qf2 f6 18. Qc2 Qc8 19. Nh4 Bg4 20. Rde1 Nb4 21. Qb1
c6 22. Nf4 g5 23. h3 gxf4 24. hxg4 fxe3 25. a3 e2 26. Rf4 Qd7 27. Be4 Na6 28.
Rxe2 Nc5 29. Nf5 Re5 30. b4 Ne6 31. Rff2 a5 32. c5 axb4 33. axb4 Ng5 34. Bg2 Qe6
35. Qd3 Nf7 36. Rxe5 Nxe5 37. Qe4 Ra4 38. Qd4 Qc4 39. Rf4 Rxb4 40. Nh6+ Kg7 41.
Nf5+ Kf7 42. Qd1 Qd3 0-1

[Event "Geza Hetenyi Mem 2023"]
[Site "Budapest HUN"]
[Date "2023.07.14"]
[Round "4.5"]
[White "Wojtaszek, Radoslaw"]
[Black "Sjugirov, Sanan"]
[Result "1-0"]
[WhiteTitle "GM"]
[BlackTitle "GM"]
[WhiteElo "2676"]
[BlackElo "2699"]
[WhiteFideId "1118358"]
[BlackFideId "4189302"]
[EventDate "2023.07.11"]

1. d4 Nf6 2. c4 c6 3. Nf3 d5 4. Nc3 dxc4 5. a4 Bf5 6. Ne5 Nbd7 7. Nxc4 Nb6 8.
Ne5 a5 9. e3 Nbd7 10. Nc4 e6 11. f3 Bb4 12. e4 Bg6 13. Be3 Nb6 14. Ne5 Nfd7 15.
h4 f6 16. Nxd7 Nxd7 17. h5 Bf7 18. h6 g6 19. Bc4 O-O 20. O-O e5 21. Bxf7+ Rxf7
22. Ne2 Qb6 23. Qc2 exd4 24. Nxd4 Qc5 25. Qb3 Qe5 26. Rad1 Bd6 27. f4 Qxe4 28.
Ne6 Qb4 29. Qa2 Re8 30. Rd4 Qb6 31. Re4 Bc5 32. Ng5 Bxe3+ 33. Kh1 fxg5 34. Rxe8+ 1-0